书目信息 |
| 题名: |
跨过鸭绿江
|
|
| 作者: | ;跨过鸭绿江编写组 编 | |
| 分册: | ||
| 出版信息: | 北京 新华出版社 2023 |
|
| 页数: | 276页 | |
| 开本: | 25cm | |
| 丛书名: | ||
| 单 册: | ||
| 中图分类: | E297.5 | |
| 科图分类: | ||
| 主题词: | 抗美援朝战争--史料--摄影集 | |
| 电子资源: | ||
| ISBN: | 978-7-5166-6896-2 | |
| 000 | 01070nam0 2200241 450 | |
| 001 | 012024000074 | |
| 005 | 20240924225023.0 | |
| 010 | @a978-7-5166-6896-2@dCNY98.00 | |
| 100 | @a20240924d2023 em y0chiy50 ea | |
| 101 | 0 | @achi |
| 102 | @aCN@b110000 | |
| 105 | @aa z 000yy | |
| 106 | @ar | |
| 200 | 1 | @a跨过鸭绿江@Akua guo ya lu^ jiang@e抗美援朝影像记忆@f《跨过鸭绿江》编写组编 |
| 210 | @a北京@c新华出版社@d2023 | |
| 215 | @a276页@d25cm | |
| 330 | @a本书是一部通过图片影像方式集中展现抗美援朝主题的主题图书,内容选编自新华社公开播发的新华社记者拍摄的珍贵历史照片或资料图片。全书分为七个部分,展现了解放初期全国人民同仇敌忾保家卫国、与朝鲜军民并肩作战,并取得全面胜利的历史场景。同时,还收录了志愿军英烈图谱、与战争相关的文艺作品、文物遗迹等图片。 | |
| 517 | 1 | @a抗美援朝影像记忆@Akang mei yuan chao ying xiang ji yi |
| 606 | 0 | @a抗美援朝战争@x史料@j摄影集 |
| 690 | @aE297.5@v5 | |
| 711 | 02 | @a跨过鸭绿江编写组@Akua guo ya lu^ jiang bian xie zu@4编 |
| 801 | 0 | @aCN@bAHXH@c20240924 |
| 905 | @b214132455@b214132464@b214132473@b214132482@b214132491@dE297.5@e120@f5 | |
| 跨过鸭绿江:抗美援朝影像记忆/《跨过鸭绿江》编写组编.-北京:新华出版社,2023 |
| 276页;25cm |
| ISBN 978-7-5166-6896-2:CNY98.00 |
| 本书是一部通过图片影像方式集中展现抗美援朝主题的主题图书,内容选编自新华社公开播发的新华社记者拍摄的珍贵历史照片或资料图片。全书分为七个部分,展现了解放初期全国人民同仇敌忾保家卫国、与朝鲜军民并肩作战,并取得全面胜利的历史场景。同时,还收录了志愿军英烈图谱、与战争相关的文艺作品、文物遗迹等图片。 |
| ● |
| 相关链接 |
|
|
|
|
正题名:跨过鸭绿江
索取号:E297.5/120
 
预约/预借
| 序号 | 登录号 | 条形码 | 馆藏地/架位号 | 状态 | 备注 |
| 1 | 1413245 | 214132455 | 第一样本阅览室/ [索取号:E297.5/120] | 在馆 | |
| 2 | 1413246 | 214132464 | 第一借阅区/ [索取号:E297.5/120] | 在馆 | |
| 3 | 1413247 | 214132473 | 第一借阅区/ [索取号:E297.5/120] | 在馆 | |
| 4 | 1413248 | 214132482 | 第一借阅区/ [索取号:E297.5/120] | 在馆 | |
| 5 | 1413249 | 214132491 | 第一借阅区/ [索取号:E297.5/120] | 在馆 |